Culture Générale - Série 847 - Statistiques

Statistiques générales
  • Ce quiz a été pris 154 fois
  • Le résultat moyen est 5 sur 10
Statistiques - réponses
Question Réponse % Correct
Selon l'expression, quel condiment "monte au nez" quand la colère gagne ? moutarde
98%
Quel est le nom de famille, du peintre impressionniste prénommé Auguste, et de son fils cinéaste, prénommé Jean ? Renoir
94%
Un météore est un phénomène lumineux plus connu sous le nom d'"étoile... filante
92%
Qu'est-ce qui peut être un ensemble d'ustensiles de cuisine servant à la cuisson et un instrument à percussion ? batterie
80%
Dans quel département français est située la commune de Riom ? Puy de Dôme
45%
Sous quel pseudonyme connaît-on l'animateur de télévision Jacques Essebag ? Arthur
38%
Au sens figuré, qu'a-t-on dans l'oeil lorsqu'on souffre d'un léger strabisme ? coquetterie
33%
Par opposition à "revers", qui désigne le côté pile d'une pièce de monnaie, quel mot désigne le côté face ? avers
25%
Dans quel département français se trouve la ville épiscopale de Sées ? Orne
16%
Dans quelle commune des Hauts de Seine est né l'écrivain Henri Barbusse ? Asnières
11%
Aucun quiz correspondant
Distribution des résultats
% des personnes avec chaque résultat
Percentile par nombre de réponses
Votre historique - résultats
Vous n’avez pas pris ce quiz